Death angels : (Record no. 3535)

MARC details
000 -LEADER
fixed length control field 00725nam a2200217 ar4500
001 - CONTROL NUMBER
control field 3537
005 - DATE AND TIME OF LATEST TRANSACTION
control field 20221127090752.0
008 - FIXED-LENGTH DATA ELEMENTS--GENERAL INFORMATION
fixed length control field 130929s xxu 0001f|eng d
020 ## - INTERNATIONAL STANDARD BOOK NUMBER
International Standard Book Number 9780143116097(pbk)
082 04 - DEWEY DECIMAL CLASSIFICATION NUMBER
Classification number 839.74
Item number Ed98 2009
100 1# - MAIN ENTRY--PERSONAL NAME
Personal name Edwardson, Ake.
245 10 - TITLE STATEMENT
Title Death angels :
Remainder of title an inspector Erik Winter novel /
Statement of responsibility, etc. A. Edwardson ; translated from the Swedish by Ken Schubert.
250 ## - EDITION STATEMENT
Edition statement 1st ed.
260 ## - PUBLICATION, DISTRIBUTION, ETC.
Place of publication, distribution, etc. New York :
Name of publisher, distributor, etc. Penguin,
Date of publication, distribution, etc. 2009.
300 ## - PHYSICAL DESCRIPTION
Extent 297 p. ;
Dimensions 22 cm.
650 #4 - SUBJECT ADDED ENTRY--TOPICAL TERM
Topical term or geographic name entry element Swedish fiction
General subdivision Translations into English.
650 #4 - SUBJECT ADDED ENTRY--TOPICAL TERM
Topical term or geographic name entry element Swedish literature
General subdivision 20th century.
650 #4 - SUBJECT ADDED ENTRY--TOPICAL TERM
Topical term or geographic name entry element English fiction
General subdivision Foreign countries.
650 #4 - SUBJECT ADDED ENTRY--TOPICAL TERM
Topical term or geographic name entry element Detective and mystery stories.
700 0# - ADDED ENTRY--PERSONAL NAME
Personal name Schubert, Ken,
Relator term tr.
Holdings
Withdrawn status Lost status Source of classification or shelving scheme Damaged status Not for loan Home library Current library Date acquired Total Checkouts Full call number Barcode Date last seen Copy number Price effective from Koha item type
              11/27/2022   839.74 Ed98 2009 1000000010217 11/27/2022 C1 11/27/2022 Book